ბათუმის შოთა რუსთაველის სახელმწიფო უნივერსიტეტის ბიბლიოთეკა

აჭარა - ფარი საქართველოისა / (ბიბ.ჩანაწერი № 50696)

000 -ლიდერი
ფიქსირებული სიგრძის საკონტროლო ველი 01344nam a2200289Ia 4500
001 - საკონტროლო ნომერი
საკონტროლო ველი 17647
003 - საკონტროლო ნომრის იდენტიფიკატორი
საკონტროლო ველი GE_BSU
005 - ბოლო ოპერაციის თარიღი და დრო
საკონტროლო ველი 20190422153304.0
008 - ფიქსირებული სიგრძის მონაცემთა ელემენტები - ზოგადი ინფორმაცია
ფიქსირებული სიგრძის საკონტროლო ველი 181216s2015||||ge |||||||||||||| ||und||
020 ## - წიგნის საერთაშორისო სტანდარტული ნომერი
International Standard Book Number 978-9941-10-992-8
040 ## - კატალოგიზაციის წყარო
Transcribing agency GE_BSU
041 ## - ენის კოდი
Language code of text/sound track or separate title geo
080 ## - უნივერსალური ათობითი კლასიფიკაციის ინდექსი
Universal Decimal Classification number 94(479.223) ზ-86
100 ## - მთავარი ჩანაწერი - პიროვნების სახელი
Personal name ზოსიძე, ნ. (ნიაზ)
9 (RLIN) 141
245 ## - ცნობა სათაურის შესახებ
Title აჭარა - ფარი საქართველოისა /
245 ## - ცნობა სათაურის შესახებ
Statement of responsibility, etc ნიაზ ზოსიძე ; რედ : მამია ფაღავა, ზაზა შაშიკაძე ; ფოტო სეირან ბაროიანი
264 ## - წარმოების, გამოცემის, დისტრიბუციის და სხვა ცნობები
გამოცემის, წარმოების, დისტრიბუციის... ადგილი თბილისი :
გამოცემის, წარმოების, დისტრიბუციის... სახელწოდება მერიდიანი,
გამოცემის, წარმოების, დისტრიბუციის... თარიღი 2015.
300 ## - ფიზიკური აღწერა
Extent 292 გვ ;
Other physical details 20 სმ.
504 ## - BIBLIOGRAPHY, ETC. NOTE
Bibliography, etc ბიბლიოგრ.: გვ. 290-291
653 ## - INDEX TERM--UNCONTROLLED
Uncontrolled term აჭარა - ფარი საქართველოისა
653 ## - INDEX TERM--UNCONTROLLED
Uncontrolled term აჭარის მხატვრულ დოკუმენტური ისტორია
653 ## - INDEX TERM--UNCONTROLLED
Uncontrolled term ისტორია
700 ## - ADDED ENTRY--PERSONAL NAME
Personal name ფაღავა, მამია
9 (RLIN) 142
Relator term რედაქტორი
700 ## - ADDED ENTRY--PERSONAL NAME
Personal name შაშიკაძე, ზაზა
9 (RLIN) 143
Relator term რედაქტორი
700 ## - ADDED ENTRY--PERSONAL NAME
Personal name ბაროიანი,სეირან
9 (RLIN) 144
Relator term მხატვარი
942 ## - ADDED ENTRY ELEMENTS (KOHA)
Koha item type წიგნი
Source of classification or shelving scheme
ეგზემპლარები
ჩამოწერის სტატუსი დაკარგული ეგზემპლარის სტატუსი კლასიფიკაციის წყარო ან თაროზე გაწყობის სქემა დაზიანების სტატუსი არ გაიცემა მუდმივი მდებარეობა (დაცვის ადგილი) ამჟამინდელი ადგილსამყოფელი თაროზე განთავსების ადგილი შეძენის თარიღი გაცემათა რაოდენობა სრული შენახვის შიფრი შტრიხკოდი ბოლო ოპერაციის თარიღი გაცემის თარიღი ეგზემპლარის მიმდევრობითი ნომერი (კეტერი?) ფასის ძალაში შესვლის თარიღი ეგზემპლარის სახეობა
          ბათუმის შოთა რუსთაველის სახელმწიფო უნივერსიტეტის მთავარი ბიბლიოთეკა ბათუმის შოთა რუსთაველის სახელმწიფო უნივერსიტეტის მთავარი ბიბლიოთეკა წიგნსაცავი 2018-12-17 1 94(479.223) ზ-86 45634 2023-03-31 2019-04-23 45634 2018-12-17 წიგნი
          ბათუმის შოთა რუსთაველის სახელმწიფო უნივერსიტეტის მთავარი ბიბლიოთეკა ბათუმის შოთა რუსთაველის სახელმწიფო უნივერსიტეტის მთავარი ბიბლიოთეკა წიგნსაცავი 2018-12-17   94(479.223) ზ-86 45633 2018-12-17   45633 2018-12-17 წიგნი